| 000 | 00498nam a2200193Ia 4500 | ||
|---|---|---|---|
| 005 | 20140405085825.0 | ||
| 008 | 140130s9999 xx 000 0 und d | ||
| 020 | _a0439291623 | ||
| 050 |
_aPZ 7 _b.W64574Tr 2001 |
||
| 100 |
_aWild, Margaret _931159 |
||
| 245 |
_cWild, Margaret _aTom goes to kindergarten / |
||
| 260 |
_bScholastic, _c2001. _aU.S.A : |
||
| 300 |
_a28 p. : _bcol. ill. ; _c29 cm. |
||
| 440 |
_v1 _931160 |
||
| 521 | _aG2 | ||
| 526 | _c330 | ||
| 942 |
_cBK _2lcc |
||
| 999 |
_c40163 _d40163 |
||